000 00337nam a2200133Ia 4500
008 231221s9999 xx 000 0 und d
020 _a978-0-387-48742-7
041 _aEnglish
100 _aSong Y. Yan
245 0 _aCryptanalytic Attacks on RSA
260 _c2008
_bSpringer US
_aNew York
650 _aComputer Science
942 _cEB
999 _c218196
_d218196